000 00647nam a2200289Ia 4500
005 20260324111335.0
008 008 260324s9999 xx 000 0 eng d
020 _a9781003107019
037 _aEBOOK
040 _aCRL
040 _beng
040 _cCRL
041 _2eng
041 _aeng
084 _qCRL
100 _aDavin E. Gaddy
_91138152
245 0 _aProjection Design
245 4 _bThe Basics
260 _bTaylor and Francis
260 _c2025
365 _a
365 _b220
856 _uhttp://www.taylorfrancis.com/books/9781003107019
942 _cEBOOK
999 _c1726946
_d1726946